Butler v SoS Environment Transport and the Regions (Record no. 70379)
[ view plain ]
| 000 -LEADER | |
|---|---|
| fixed length control field | 00804cam a2200193 4500 |
| 001 - CONTROL NUMBER | |
| control field | X118188 |
| 008 - FIXED-LENGTH DATA ELEMENTS--GENERAL INFORMATION | |
| fixed length control field | 020528n2002 000 0 eng u |
| 035 ## - SYSTEM CONTROL NUMBER | |
| System control number | (Sirsi) u118188 |
| 245 ## - TITLE STATEMENT | |
| Title | Butler v SoS Environment Transport and the Regions |
| 260 ## - PUBLICATION, DISTRIBUTION, ETC. | |
| Date of publication, distribution, etc. | 2002 |
| 490 ## - SERIES STATEMENT | |
| Series statement | Journal of Planning and Environment Law |
| Volume/sequential designation | [2002] JPL 428-437(10) |
| 520 ## - SUMMARY, ETC. | |
| Summary, etc. | QBD 16 July 2001. Application for permission for residential gypsy caravan pitches refuses. Green belt. AONB. Appeal to SoS. Approach to very special circumstances. Appeal dismissed. Further appeal unnder s288 dismissed. |
| 650 ## - SUBJECT ADDED ENTRY--TOPICAL TERM | |
| Topical term or geographic name entry element | BUTLER V SOS ENVIRONMENT, TRANSPORT AND THE REGIONS |
| 650 ## - SUBJECT ADDED ENTRY--TOPICAL TERM | |
| Topical term or geographic name entry element | GREEN BELT |
| 650 ## - SUBJECT ADDED ENTRY--TOPICAL TERM | |
| Topical term or geographic name entry element | GYPSY CARAVANS |
| 650 ## - SUBJECT ADDED ENTRY--TOPICAL TERM | |
| Topical term or geographic name entry element | PLANNING PERMISSION |
| 690 ## - LOCAL SUBJECT ADDED ENTRY--TOPICAL TERM (OCLC, RLIN) | |
| Topical term or geographic name as entry element | PLANNING LAW AND PRACTICE-CASE LAW |
| 942 ## - ADDED ENTRY ELEMENTS (KOHA) | |
| Suppress in OPAC | 0 |
| Withdrawn status | Lost status | Source of classification or shelving scheme | Damaged status | Not for loan | Home library | Current library | Shelving location | Date acquired | Total Checkouts | Full call number | Barcode | Date last seen | Copy number | Price effective from | Koha item type |
|---|---|---|---|---|---|---|---|---|---|---|---|---|---|---|---|
| Dewey Decimal Classification | London | London | Journals | 28/05/2002 | X118188 | 118188-1001 | 06/08/2019 | 1 | 06/08/2019 | Law report |